000
00334nam a22001457a 4500
008
210311b ||||| |||| 00| 0 eng d
020
_a
9780766816640
041
_a
eng
080
_2
3rd
_a
574
082
_a
574
100
_a
9
101
_a
MJE
245
_a
Agriscience Fundamentals & Applications
_c
Cooper,E.L
942
_2
udc
_c
BK
999
_c
56282
_d
56282